| 000 | 00839ntm a22003017a 4500 | ||
|---|---|---|---|
| 005 | 20170314102621.0 | ||
| 008 | 170314b xxu||||| |||| 00| 0 spa d | ||
| 020 | _a9786071506344 | ||
| 041 | _aspa | ||
| 082 | _a657 R763c3 | ||
| 245 | _aContabilidad intermedia | ||
| 260 | _aMéxico | ||
| 260 | _bMcGraw Hill | ||
| 260 | _c2011 | ||
| 300 | _a544 páginas | ||
| 650 |
_aCONTABILIDAD INTERMEDIA _920598 |
||
| 650 |
_aNORMAS INTERNACIONALES DE INFORMACIÓN FINANCIERA _97183 |
||
| 650 |
_aINFORME FINANCIERO _912635 |
||
| 650 |
_aEFECTIVO _96065 |
||
| 650 |
_aINSTRUMENTOS FINANCIEROS _96066 |
||
| 650 |
_aCUENTAS POR COBRAR _94411 |
||
| 650 |
_aINVENTARIOS _91923 |
||
| 650 |
_aPAGOS ANTICIPADOS _95149 |
||
| 650 |
_aACTIVOS INTANGIBLES _92694 |
||
| 650 |
_aPASIVOS _92668 |
||
| 650 |
_aCAPITAL CONTABLE _92669 |
||
| 942 | _cBK | ||
| 999 |
_c9031 _d9031 |
||